Statistiques concernant Les 10 villes les plus peuplées de chaque département

Cliquez ici pour prendre le quiz!

Statistiques générales

  • Ce quiz a été pris 92 fois
  • Le résultat moyen est 159 sur 1001

Statistiques - réponses

DépartementVillePopulation% Correct
75-ParisParis2 243 833
69%
1-AinBourg-en-Bresse41 681
66%
69-RhôneLyon484 344
65%
13-Bouches-du-RhôneMarseille850 726
64%
6-Alpes-MaritimesNice343 477
64%
54-Meurthe-et-MoselleToul15 693
64%
33-GirondeBordeaux239 157
61%
29-FinistèreBrest141 303
61%
59-NordLille227 560
61%
44-Loire-AtlantiqueNantes284 970
60%
30-GardNîmes142 205
60%
83-VarToulon164 532
60%
31-Haute-GaronneToulouse441 802
60%
63-Puy-de-DômeClermont-Ferrand139 860
59%
35-Ille-et-VilaineRennes207 178
59%
76-Seine-MaritimeRouen110 933
59%
2A-Corse-du-SudAjaccio65 542
58%
14-CalvadosCaen108 954
58%
59-NordDunkerque92 005
58%
85-VendéeLa Roche-sur-Yon52 664
58%
84-VaucluseAvignon89 683
56%
2B-Haute-CorseBastia43 008
56%
21-Côte-d’OrDijon151 212
56%
51-MarneReims179 992
56%
42-LoireSaint-Étienne171 260
56%
67-Bas-RhinStrasbourg271 782
56%
37-Indre-et-LoireTours134 817
56%
10-AubeTroyes62 597
56%
82-Tarn-et-GaronneValence5 137
56%
26-DrômeValence63 405
56%
69-RhôneVilleurbanne145 150
56%
80-SommeAmiens133 448
55%
17-Charente-MaritimeLa Rochelle75 170
55%
54-Meurthe-et-MoselleNancy105 421
55%
45-LoiretOrléans114 167
55%
64-Pyrénées-AtlantiquesPau81 166
55%
66-Pyrénées-OrientalesPerpignan117 419
55%
90-Territoire-de-BelfortBelfort50 078
54%
6-Alpes-MaritimesCannes72 435
54%
38-IsèreGrenoble155 637
54%
76-Seine-MaritimeLe Havre175 497
54%
62-Pas-de-CalaisLens35 032
54%
34-HéraultMontpellier257 351
54%
68-Haut-RhinMulhouse109 588
54%
49-Maine-et-LoireAngers147 571
53%
74-Haute-SavoieAnnecy50 379
53%
64-Pyrénées-AtlantiquesBayonne44 820
53%
56-MorbihanLorient57 204
53%
25-DoubsBesançon116 914
51%
62-Pas-de-CalaisCalais73 636
51%
72-SartheLe Mans142 626
51%
87-Haute-VienneLimoges139 150
51%
57-MoselleMetz120 738
51%
974-La RéunionPort38 418
51%
29-FinistèreQuimper63 550
51%
13-Bouches-du-RhôneAix-en-Provence141 438
50%
64-Pyrénées-AtlantiquesBiarritz25 306
50%
11-AudeCarcassonne47 419
50%
73-SavoieChambéry57 342
50%
2-AisneLaon24 091
50%
974-La RéunionSaint-Denis145 022
50%
93-Seine-Saint-DenisSaint-Denis106 785
50%
6-Alpes-MaritimesAntibes74 709
49%
53-MayenneLaval50 940
49%
86-ViennePoitiers87 697
49%
12-AveyronRodez23 917
49%
34-HéraultBéziers70 955
48%
51-MarneChâlons-en-Champagne45 299
48%
8-ArdennesCharleville-Mézières46 388
48%
68-Haut-RhinColmar67 615
48%
5-Hautes-AlpesGap40 111
48%
11-AudeNarbonne51 039
48%
79-Deux-SèvresNiort57 325
48%
7-ArdèchePrivas8 567
48%
35-Ille-et-VilaineSaint-Malo46 342
48%
59-NordTourcoing91 923
48%
59-NordValenciennes43 335
48%
81-TarnAlbi48 916
46%
13-Bouches-du-RhôneArles52 661
46%
15-CantalAurillac27 924
46%
89-YonneAuxerre36 200
46%
2-AisneSaint-Quentin53 100
46%
56-MorbihanVannes52 515
46%
3-AllierVichy25 372
46%
16-CharenteAngoulême41 613
45%
60-OiseBeauvais54 711
45%
41-Loir-et-CherBlois46 492
45%
36-IndreChâteauroux46 140
45%
4-Alpes-de-Haute-ProvenceDigne-les-Bains16 864
45%
88-VosgesÉpinal32 842
45%
27-EureÉvreux50 537
45%
82-Tarn-et-GaronneMontauban56 271
45%
24-DordognePérigueux29 573
45%
59-NordRoubaix94 713
45%
8-ArdennesSedan16 376
45%
34-HéraultSète42 774
45%
78-YvelinesVersailles86 110
45%
94-Val-de-MarneCréteil89 985
44%
40-LandesDax20 665
44%
91-EssonneÉvry52 135
44%
23-CreuseGuéret13 573
44%
43-Haute-LoireLe Puy-en-Velay18 521
44%
92-Hauts-de-SeineNanterre89 185
44%
22-Côtes d’ArmorSaint-Brieuc46 209
44%
62-Pas-de-CalaisArras41 611
43%
28-Eure-et-LoirChartres38 931
43%
13-Bouches-du-RhôneIstres42 544
43%
71-Saône-et-LoireMâcon34 040
43%
3-AllierMoulins19 444
43%
58-NièvreNevers36 762
43%
50-MancheSaint-Lô18 718
43%
44-Loire-AtlantiqueSaint-Nazaire67 031
43%
4-Alpes-de-Haute-ProvenceVilleneuve4 355
43%
84-VaucluseOrange29 135
41%
2A-Corse-du-SudPorto-Vecchio11 035
41%
65-Hautes-PyrénéesTarbes43 034
41%
19-CorrèzeTulle14 923
41%
61-OrneAlençon26 704
40%
55-MeuseBar-le-Duc15 898
40%
18-CherBourges66 381
40%
2B-Haute-CorseCalvi5 394
40%
71-Saône-et-LoireChalon-sur-Saône44 985
40%
40-LandesMont-de-Marsan31 225
40%
30-GardAlès41 205
39%
32-GersAuch21 576
39%
62-Pas-de-CalaisBoulogne-sur-Mer43 070
39%
19-CorrèzeBrive-la-Gaillarde48 949
39%
46-LotCahors20 194
39%
49-Maine-et-LoireCholet54 098
39%
2B-Haute-CorseCorte6 915
39%
76-Seine-MaritimeDieppe31 963
39%
9-AriègeFoix9 515
39%
83-VarHyères54 600
39%
48-LozèreMende12 140
39%
6-Alpes-MaritimesMenton30 679
39%
26-DrômeMontélimar35 314
39%
3-AllierMontluçon33 822
39%
1-AinOyonnax22 271
39%
47-Lot-et-GaronneAgen33 981
38%
38-IsèreFontaine22 243
38%
83-VarFréjus51 839
38%
12-AveyronMillau21 887
38%
83-VarSaint-Raphaël33 603
38%
13-Bouches-du-RhôneAubagne46 423
36%
93-Seine-Saint-DenisAubervilliers76 087
36%
59-NordDouai42 197
36%
41-Loir-et-CherMer6 115
36%
74-Haute-SavoieThonon-les-Bains33 925
36%
70-Haute-SaôneVesoul15 761
36%
73-SavoieAix-les-Bains27 750
35%
24-DordogneBergerac27 648
35%
52-Haute-MarneChaumont23 011
35%
6-Alpes-MaritimesGrasse48 708
35%
64-Pyrénées-AtlantiquesLons12 147
35%
13-Bouches-du-RhôneMartigues47 544
35%
77-Seine-et-MarneMelun39 589
35%
93-Seine-Saint-DenisMontreuil102 770
35%
974-La RéunionSaint-Pierre79 228
35%
18-CherVierzon26 946
35%
95-Val-D’OiseArgenteuil103 125
34%
2A-Corse-du-SudBonifacio2 955
34%
5-Hautes-AlpesBriançon10 780
34%
81-TarnCastres42 314
34%
973-GuyaneCayenne55 753
34%
60-OiseCompiègne40 517
34%
65-Hautes-PyrénéesLourdes14 743
34%
69-RhôneVénissieux59 855
34%
21-Côte-d’OrBeaune22 394
33%
84-VaucluseCarpentras29 278
33%
39-JuraDole24 629
33%
972-MartiniqueFort-de-France87 216
33%
77-Seine-et-MarneMeaux50 755
33%
33-GirondeMérignac66 142
33%
25-DoubsMontbéliard25 875
33%
33-GirondePessac58 025
33%
17-Charente-MaritimeSaintes26 011
33%
69-RhôneSaint-Priest41 964
33%
2-AisneSoissons28 888
33%
92-Hauts-de-SeineBoulogne-Billancourt114 205
31%
59-NordCambrai32 584
31%
29-FinistèreConcarneau19 048
31%
28-Eure-et-LoirDreux31 031
31%
22-Côtes d’ArmorLannion20 079
31%
83-VarLa Seyne-sur-Mer62 082
31%
33-GirondeLibourne23 624
31%
42-LoireRoanne36 806
31%
17-Charente-MaritimeRochefort25 140
31%
59-NordVilleneuve-d'Ascq63 572
31%
80-SommeAbbeville24 155
30%
50-MancheAvranches8 020
30%
14-CalvadosBayeux13 222
30%
95-Val-D’OiseCergy56 988
30%
16-CharenteCognac18 557
30%
67-Bas-RhinHaguenau34 280
30%
976-MayotteMamoudzou57 281
30%
92-Hauts-de-SeineNeuilly-sur-Seine61 754
30%
69-RhôneVaulx-en-Velin41 421
30%
55-MeuseVerdun18 513
30%
69-RhôneVillefranche-sur-Saône35 326
30%
80-SommeAlbert9 774
29%
74-Haute-SavoieAnnemasse32 196
29%
83-VarDraguignan36 391
29%
63-Puy-de-DômeIssoire14 012
29%
39-JuraLons-le-Saunier17 681
29%
13-Bouches-du-RhôneMarignane34 485
29%
974-La RéunionSaint-Paul103 346
29%
49-Maine-et-LoireSaumur27 283
29%
93-Seine-Saint-DenisAulnay-sous-Bois82 120
28%
31-Haute-GaronneBlagnac21 710
28%
86-VienneChâtellerault32 459
28%
92-Hauts-de-SeineColombes85 398
28%
93-Seine-Saint-DenisDrancy66 410
28%
38-IsèreÉchirolles35 748
28%
53-MayenneMayenne13 299
28%
56-MorbihanPontivy13 765
28%
95-Val-D’OisePontoise29 548
28%
89-YonneSens24 883
28%
34-HéraultAgde24 567
26%
12-AveyronAubin4 044
26%
6-Alpes-MaritimesCagnes-sur-Mer52 100
26%
22-Côtes d’ArmorDinan10 819
26%
51-MarneÉpernay24 035
26%
1-AinGex13 177
26%
37-Indre-et-LoireJoué-lès-Tours35 976
26%
6-Alpes-MaritimesLe Cannet42 125
26%
4-Alpes-de-Haute-ProvenceManosque23 018
26%
9-AriègePamiers15 938
26%
44-Loire-AtlantiqueRezé38 425
26%
52-Haute-MarneSaint-Dizier25 526
26%
44-Loire-AtlantiqueSaint-Herblain43 153
26%
64-Pyrénées-AtlantiquesSaint-Jean-de-Luz12 969
26%
971-GuadeloupeSaint-Martin36 979
26%
38-IsèreVienne29 328
26%
47-Lot-et-GaronneVilleneuve-sur-Lot23 513
26%
94-Val-de-MarneVitry-sur-Seine85 413
26%
73-SavoieAlbertville18 876
25%
64-Pyrénées-AtlantiquesAnglet38 032
25%
7-ArdècheAnnonay16 359
25%
7-ArdècheAubenas12 403
25%
35-Ille-et-VilaineFougères19 779
25%
94-Val-de-MarneIvry-sur-Seine57 732
25%
85-VendéeLes Sables-d'Olonne14 603
25%
92-Hauts-de-SeineLevallois-Perret64 253
25%
45-LoiretMontargis14 649
25%
25-DoubsPontarlier18 456
25%
67-Bas-RhinSchiltigheim30 952
25%
57-MoselleThionville41 015
25%
30-GardUzès8 552
25%
92-Hauts-de-SeineAntony61 793
24%
44-Loire-AtlantiqueCarquefou17 805
24%
31-Haute-GaronneColomiers35 186
24%
60-OiseCreil33 601
24%
92-Hauts-de-SeineIssy-les-Moulineaux64 355
24%
14-CalvadosLisieux21 640
24%
78-YvelinesMantes-la-Jolie42 969
24%
29-FinistèreMorlaix15 421
24%
36-IndreSaint-Maur3 268
24%
13-Bouches-du-RhôneSalon-de-Provence43 152
24%
95-Val-D’OiseSarcelles58 614
24%
23-CreuseAubusson3 844
23%
62-Pas-de-CalaisBéthune25 655
23%
69-RhôneBron38 717
23%
76-Seine-MaritimeFécamp19 207
23%
50-MancheGranville12 969
23%
64-Pyrénées-AtlantiquesHendaye15 370
23%
973-GuyaneKourou25 189
23%
13-Bouches-du-RhôneLa Ciotat33 829
23%
72-SartheLa Flèche15 087
23%
31-Haute-GaronneMuret23 864
23%
44-Loire-AtlantiqueOrvault24 504
23%
79-Deux-SèvresParthenay10 478
23%
17-Charente-MaritimeRoyan17 946
23%
68-Haut-RhinSaint-Louis20 127
23%
974-La RéunionSaint-Louis52 038
23%
33-GirondeTalence40 600
23%
35-Ille-et-VilaineVitré16 834
23%
13-Bouches-du-RhôneVitrolles35 021
23%
92-Hauts-de-SeineAsnières-sur-Seine82 327
21%
11-AudeCastelnaudary11 753
21%
2-AisneChâteau-Thierry15 306
21%
46-LotFigeac9 810
21%
57-MoselleForbach21 510
21%
62-Pas-de-CalaisHénin-Beaumont26 278
21%
34-HéraultLattes15 927
21%
34-HéraultLunel25 277
21%
52-Haute-MarneNogent3 985
21%
93-Seine-Saint-DenisPantin54 136
21%
63-Puy-de-DômeRiom17 941
21%
26-DrômeRomans-sur-Isère33 536
21%
42-LoireSaint-Chamond35 793
21%
88-VosgesSaint-Dié-des-Vosges21 447
21%
38-IsèreSaint-Martin-d'Hères36 177
21%
37-Indre-et-LoireAmboise12 846
20%
33-GirondeBègles24 913
20%
79-Deux-SèvresBressuire18 615
20%
94-Val-de-MarneChampigny-sur-Marne75 510
20%
92-Hauts-de-SeineCourbevoie87 469
20%
35-Ille-et-VilaineDinard10 579
20%
36-IndreIssoudun13 090
20%
33-GirondeLa Teste-de-Buch24 591
20%
36-IndreLe Blanc6 968
20%
71-Saône-et-LoireLe Creusot22 783
20%
76-Seine-MaritimeLe Grand-Quevilly24 930
20%
76-Seine-MaritimeLe Petit-Quevilly21 898
20%
91-EssonneMassy42 258
20%
973-GuyaneSaint-Laurent-du-Maroni38 367
20%
78-YvelinesSartrouville51 150
20%
38-IsèreVoiron19 893
20%
93-Seine-Saint-DenisBondy53 530
19%
85-VendéeChallans18 686
19%
32-GersCondom7 012
19%
64-Pyrénées-AtlantiquesOloron-Sainte-Marie10 800
19%
91-EssonnePalaiseau30 285
19%
2A-Corse-du-SudPropriano3 399
19%
29-FinistèreQuimperlé11 776
19%
974-La RéunionSaint-André53 955
19%
78-YvelinesSaint-Germain-en-Laye40 481
19%
24-DordogneSarlat-la-Canéda9 739
19%
2A-Corse-du-SudSartène3 259
19%
60-OiseSenlis16 170
19%
94-Val-de-MarneVincennes48 471
19%
66-Pyrénées-OrientalesArgelès-sur-Mer9 978
18%
56-MorbihanAuray12 322
18%
1-AinBelley9 207
18%
40-LandesBiscarrosse12 197
18%
2B-Haute-CorseBorgo7 646
18%
38-IsèreBourgoin-Jallieu26 173
18%
43-Haute-LoireBrioude6 664
18%
69-RhôneCaluire-et-Cuire41 209
18%
84-VaucluseCavaillon24 951
18%
77-Seine-et-MarneChelles52 779
18%
23-CreuseLa Souterraine5 522
18%
28-Eure-et-LoirNogent-le-Rotrou10 884
18%
93-Seine-Saint-DenisNoisy-le-Grand62 964
18%
41-Loir-et-CherRomorantin-Lanthenay17 027
18%
92-Hauts-de-SeineRueil-Malmaison79 426
18%
86-VienneSaint-Benoît6 991
18%
974-La RéunionSaint-Benoît35 063
18%
972-MartiniqueSainte-Marie18 389
18%
44-Loire-AtlantiqueSaint-Sébastien-sur-Loire25 017
18%
57-MoselleSarreguemines21 540
18%
67-Bas-RhinSélestat19 197
18%
7-ArdècheTournon-sur-Rhône10 835
18%
14-CalvadosVire11 999
18%
59-NordWattrelos41 541
18%
43-Haute-LoireYssingeaux7 009
18%
1-AinAmbérieu-en-Bugey14 288
16%
84-VaucluseApt11 755
16%
61-OrneArgentan14 369
16%
71-Saône-et-LoireAutun14 256
16%
50-MancheCherbourg-Octeville38 433
16%
42-LoireFirminy17 133
16%
45-LoiretGien14 684
16%
971-GuadeloupeLes Abymes58 534
16%
974-La RéunionLe Tampon73 365
16%
7-ArdècheLe Teil8 841
16%
62-Pas-de-CalaisLiévin31 873
16%
54-Meurthe-et-MoselleLongwy14 420
16%
54-Meurthe-et-MoselleLunéville19 740
16%
94-Val-de-MarneMaisons-Alfort52 943
16%
6-Alpes-MaritimesMandelieu-la-Napoule21 772
16%
42-LoireMontbrison15 299
16%
57-MoselleMontigny-lès-Metz22 540
16%
72-SartheSablé-sur-Sarthe12 466
16%
971-GuadeloupeSainte-Anne24 192
16%
15-CantalSaint-Flour6 711
16%
6-Alpes-MaritimesSaint-Laurent-du-Var30 141
16%
54-Meurthe-et-MoselleSaint-Max9 930
16%
37-Indre-et-LoireSaint-Pierre-des-Corps15 227
16%
63-Puy-de-DômeThiers11 250
16%
31-Haute-GaronneTournefeuille25 340
16%
19-CorrèzeUssel10 245
16%
41-Loir-et-CherVendôme16 920
16%
44-Loire-AtlantiqueVertou21 443
16%
94-Val-de-MarneVillejuif55 490
16%
10-AubeBar-sur-Aube4 774
15%
91-EssonneCorbeil-Essonnes43 086
15%
50-MancheCoutances9 355
15%
29-FinistèreDouarnenez14 912
15%
29-FinistèreLanderneau15 272
15%
56-MorbihanLanester22 219
15%
52-Haute-MarneLangres8 082
15%
59-NordMarcq-en-Barœul38 947
15%
78-YvelinesPoissy37 680
15%
39-JuraSaint-Claude11 026
15%
76-Seine-MaritimeSaint-Étienne-du-Rouvray28 102
15%
76-Seine-MaritimeSotteville-lès-Rouen28 835
15%
27-EureVernon25 147
15%
33-GirondeVillenave-d'Ornon28 420
15%
94-Val-de-MarneAlfortville44 201
14%
65-Hautes-PyrénéesBagnères-de-Bigorre8 047
14%
82-Tarn-et-GaronneCastelsarrasin12 770
14%
63-Puy-de-DômeCournon-d'Auvergne19 244
14%
93-Seine-Saint-DenisÉpinay-sur-Seine54 518
14%
34-HéraultFrontignan22 526
14%
2B-Haute-CorseFuriani5 273
14%
88-VosgesGérardmer8 755
14%
14-CalvadosHonfleur8 093
14%
11-AudeLimoux10 130
14%
70-Haute-SaôneLuré8 325
14%
47-Lot-et-GaronneMarmande18 400
14%
71-Saône-et-LoireMontceau-les-Mines19 372
14%
45-LoiretOlivet19 583
14%
14-CalvadosOuistreham9 381
14%
80-SommePéronne7 887
14%
54-Meurthe-et-MosellePont-à-Mousson14 505
14%
8-ArdennesRethel7 445
14%
30-GardSaint-Gilles13 564
14%
4-Alpes-de-Haute-ProvenceSisteron7 669
14%
79-Deux-SèvresThouars9 822
14%
74-Haute-SavoieBonneville11 908
13%
53-MayenneChâteau-Gontier11 585
13%
74-Haute-SavoieCluses17 408
13%
58-NièvreCosne-Cours-sur-Loire10 653
13%
44-Loire-AtlantiqueCouëron18 591
13%
61-OrneFlers15 356
13%
85-VendéeFontenay-le-Comte14 339
13%
29-FinistèreGuipavas13 403
13%
14-CalvadosHérouville-Saint-Clair21 434
13%
67-Bas-RhinIllkirch-Graffenstaden26 805
13%
22-Côtes d’ArmorLamballe12 098
13%
93-Seine-Saint-DenisLe Blanc-Mesnil51 438
13%
69-RhôneMeyzieu30 272
13%
40-LandesMimizan7 069
13%
10-AubeNogent-sur-Seine5 946
13%
22-Côtes d’ArmorPaimpol7 634
13%
56-MorbihanPloemeur17 805
13%
29-FinistèrePlougastel-Daoulas13 178
13%
30-GardPont-Saint-Esprit10 437
13%
69-RhôneRillieux-la-Pape29 952
13%
17-Charente-MaritimeSaint-Jean-d'Angély7 669
13%
94-Val-de-MarneSaint-Maur-des-Fossés74 816
13%
33-GirondeSaint-Médard-en-Jalles27 719
13%
3-AllierYzeure12 701
13%
89-YonneAvallon7 248
11%
26-DrômeBourg-lès-Valence18 623
11%
35-Ille-et-VilaineBruz16 465
11%
35-Ille-et-VilaineCesson-Sévigné15 219
11%
37-Indre-et-LoireChambray-lès-Tours10 733
11%
14-CalvadosFalaise8 279
11%
1-AinFerney-Voltaire10 612
11%
48-LozèreFlorac1 942
11%
81-TarnGaillac13 293
11%
71-Saône-et-LoireGueugnon7 512
11%
52-Haute-MarneJoinville3 635
11%
36-IndreLa Châtre4 482
11%
83-VarLa Valette-du-Var20 754
11%
972-MartiniqueLe Lamentin39 360
11%
67-Bas-RhinLingolsheim16 441
11%
1-AinMiribel10 202
11%
60-OiseNoyon13 478
11%
84-VauclusePertuis18 931
11%
78-YvelinesPlaisir30 958
11%
22-Côtes d’ArmorPloufragan11 111
11%
88-VosgesRemiremont8 024
11%
18-CherSaint-Amand-Montrond10 761
11%
56-MorbihanSaint-Avé10 450
11%
66-Pyrénées-OrientalesSaint-Cyprien10 476
11%
37-Indre-et-LoireSaint-Cyr-sur-Loire16 072
11%
9-AriègeSaint-Girons6 415
11%
45-LoiretSaint-Jean-de-Braye19 057
11%
45-LoiretSaran15 120
11%
83-VarSix-Fours-les-Plages34 897
11%
77-Seine-et-MarneTorcy22 425
11%
24-DordogneTrélissac7 097
11%
6-Alpes-MaritimesVallauris27 970
11%
1-AinValserhône16 434
11%
51-MarneVitry-le-François13 384
11%
30-GardBagnols-sur-Cèze18 245
10%
30-GardBeaucaire15 946
10%
63-Puy-de-DômeBeaumont10 933
10%
2B-Haute-CorseBiguglia7 058
10%
44-Loire-AtlantiqueBouguenais18 194
10%
66-Pyrénées-OrientalesCanet-en-Roussillon13 293
10%
34-HéraultCastelnau-le-Lez14 948
10%
63-Puy-de-DômeChamalières17 081
10%
28-Eure-et-LoirChâteaudun13 640
10%
2-AisneChauny11 438
10%
976-MayotteDzaoudzi14 311
10%
5-Hautes-AlpesEmbrun6 435
10%
45-LoiretFleury-les-Aubrais21 171
10%
94-Val-de-MarneFontenay-sous-Bois53 145
10%
56-MorbihanHennebont15 191
10%
976-MayotteKoungou26 488
10%
72-SartheLa Ferté-Bernard9 235
10%
83-VarLa Garde25 930
10%
33-GirondeLe Bouscat23 095
10%
22-Côtes d’ArmorLoudéac9 857
10%
85-VendéeLuçon9 636
10%
48-LozèreMarvejols5 053
10%
15-CantalMauriac3 836
10%
64-Pyrénées-AtlantiquesOrthez10 982
10%
10-AubeRomilly-sur-Seine14 623
10%
12-AveyronSaint-Affrique8 288
10%
87-Haute-VienneSaint-Junien11 455
10%
74-Haute-SavoieSallanches15 531
10%
2-AisneTergnier13 504
10%
49-Maine-et-LoireTrélazé12 384
10%
12-AveyronVillefranche-de-Rouergue12 124
10%
17-Charente-MaritimeAytré8 914
9%
31-Haute-GaronneBalma13 474
9%
35-Ille-et-VilaineBetton10 111
9%
24-DordogneBoulazac6 606
9%
66-Pyrénées-OrientalesCéret7 629
9%
21-Côte-d’OrChenôve14 045
9%
58-NièvreClamecy4 248
9%
55-MeuseCommercy6 340
9%
60-OiseCrépy-en-Valois14 058
9%
3-AllierCusset12 677
9%
90-Territoire-de-BelfortDelle5 916
9%
1-AinDivonne-les-Bains9 999
9%
4-Alpes-de-Haute-ProvenceForcalquier5 115
9%
95-Val-D’OiseFranconville33 097
9%
95-Val-D’OiseGarges-lès-Gonesse40 012
9%
8-ArdennesGivet6 343
9%
70-Haute-SaôneGray6 016
9%
70-Haute-SaôneHéricourt10 349
9%
2-AisneHirson8 685
9%
14-CalvadosIfs11 028
9%
84-VaucluseL'Isle-sur-la-Sorgue19 048
9%
72-SartheMamers5 473
9%
81-TarnMazamet9 995
9%
80-SommeMontdidier6 119
9%
76-Seine-MaritimeMont-Saint-Aignan19 341
9%
60-OiseNogent-sur-Oise18 833
9%
22-Côtes d’ArmorPerros-Guirec7 511
9%
971-GuadeloupePetit-Bourg23 199
9%
22-Côtes d’ArmorPlérin13 788
9%
77-Seine-et-MarnePontault-Combault35 561
9%
21-Côte-d’OrQuetigny9 752
9%
42-LoireRive-de-Gier14 996
9%
74-Haute-SavoieRumilly13 497
9%
57-MoselleSaint-Avold16 273
9%
18-CherSaint-Doulchard9 197
9%
45-LoiretSaint-Jean-de-la-Ruelle16 631
9%
73-SavoieSaint-Jean-de-Maurienne8 242
9%
974-La RéunionSaint-Joseph35 976
9%
972-MartiniqueSaint-Joseph16 717
9%
71-Saône-et-LoireSaint-Vallier9 049
9%
21-Côte-d’OrTalant11 475
9%
89-YonneTonnerre5 243
9%
8-ArdennesVouziers4 169
9%
91-EssonneYerres29 050
9%
72-SartheAllonnes11 064
8%
74-Haute-SavoieAnnecy-le-Vieux19 968
8%
25-DoubsAudincourt14 825
8%
62-Pas-de-CalaisAvion17 271
8%
49-Maine-et-LoireAvrillé12 639
8%
971-GuadeloupeBaie-Mahault30 251
8%
27-EureBernay10 449
8%
62-Pas-de-CalaisBruay-la-Buissière23 408
8%
62-Pas-de-CalaisCarvin17 152
8%
39-JuraChampagnole8 077
8%
77-Seine-et-MarneChamps-sur-Marne24 418
8%
21-Côte-d’OrChevigny-Saint-Sauveur9 969
8%
26-DrômeCrest7 915
8%
36-IndreDéols7 916
8%
95-Val-D’OiseErmont27 446
8%
46-LotGourdon4 640
8%
95-Val-D’OiseGoussainville30 996
8%
56-MorbihanGuidel10 359
8%
78-YvelinesHouilles31 557
8%
10-AubeLa Chapelle-Saint-Luc12 324
8%
61-OrneL'Aigle7 975
8%
54-Meurthe-et-MoselleLaxou14 812
8%
971-GuadeloupeLe Gosier26 311
8%
972-MartiniqueLe Robert23 918
8%
80-SommeLongueau5 686
8%
27-EureLouviers17 734
8%
70-Haute-SaôneLuxeuil-les-Bains7 248
8%
973-GuyaneMaripasoula8 473
8%
34-HéraultMauguio16 307
8%
38-IsèreMeylan17 487
8%
32-GersMirande3 685
8%
82-Tarn-et-GaronneMoissac12 192
8%
71-Saône-et-LoireParay-le-Monial9 107
8%
26-DrômePierrelatte13 026
8%
56-MorbihanPloërmel9 067
8%
26-DrômePortes-lès-Valence9 462
8%
11-AudePort-la-Nouvelle5 713
8%
37-Indre-et-LoireSaint-Avertin13 947
8%
35-Ille-et-VilaineSaint-Jacques-de-la-Lande10 497
8%
42-LoireSaint-Just-Saint-Rambert14 172
8%
974-La RéunionSaint-Leu30 966
8%
79-Deux-SèvresSaint-Maixent-l'École7 483
8%
3-AllierSaint-Pourçain-sur-Sioule5 100
8%
67-Bas-RhinSaverne12 087
8%
77-Seine-et-MarneSavigny-le-Temple28 599
8%
27-EureVal-de-Reuil13 380
8%
2-AisneVillers-Cotterêts10 392
8%
57-MoselleYutz16 171
8%
36-IndreArgenton-sur-Creuse5 120
6%
63-Puy-de-DômeAubière9 621
6%
67-Bas-RhinBischheim17 770
6%
40-LandesCapbreton7 965
6%
50-MancheCarentan6 063
6%
68-Haut-RhinCernay11 268
6%
85-VendéeChâteau-d'Olonne13 353
6%
49-Maine-et-LoireChemillé7 028
6%
78-YvelinesConflans-Sainte-Honorine35 380
6%
53-MayenneCraon4 556
6%
71-Saône-et-LoireDigoin8 303
6%
21-Côte-d’OrFontaine-lès-Dijon9 114
6%
3-AllierGannat5 815
6%
27-EureGisors11 554
6%
81-TarnGraulhet11 955
6%
11-AudeGruissan4 676
6%
68-Haut-RhinGuebwiller11 461
6%
7-ArdècheGuilherand-Granges10 965
6%
57-MoselleHayange15 604
6%
68-Haut-RhinIllzach14 596
6%
89-YonneJoigny10 249
6%
58-NièvreLa Charité-sur-Loire5 129
6%
65-Hautes-PyrénéesLannemezan5 817
6%
37-Indre-et-LoireLa Riche10 080
6%
21-Côte-d’OrLongvic9 290
6%
86-VienneLoudun6 989
6%
973-GuyaneMatoury28 110
6%
14-CalvadosMondeville9 450
6%
43-Haute-LoireMonistrol-sur-Loire8 717
6%
60-OiseMontataire12 500
6%
78-YvelinesMontigny-le-Bretonneux33 337
6%
25-DoubsMorteau6 700
6%
88-VosgesNeufchâteau6 881
6%
85-VendéeOlonne-sur-Mer13 618
6%
12-AveyronOnet-le-Château11 084
6%
27-EurePont-Audemer8 838
6%
88-VosgesRaon-l'Étape6 528
6%
8-ArdennesRevin5 825
6%
66-Pyrénées-OrientalesRivesaltes8 169
6%
10-AubeSaint-André-les-Vergers12 701
6%
10-AubeSainte-Savine10 496
6%
91-EssonneSavigny-sur-Orge36 842
6%
61-OrneSées4 446
6%
84-VaucluseSorgues18 046
6%
17-Charente-MaritimeTonnay-Charente7 758
6%
22-Côtes d’ArmorTrégueux7 926
6%
19-CorrèzeUzerche3 126
6%
50-MancheValognes7 190
6%
2A-Corse-du-SudZonza2 341
6%
91-EssonneAthis-Mons30 393
5%
21-Côte-d’OrAuxonne7 741
5%
25-DoubsBaume-les-Dames5 315
5%
95-Val-D’OiseBezons27 987
5%
64-Pyrénées-AtlantiquesBillère13 142
5%
2-AisneBohain-en-Vermandois5 703
5%
84-VaucluseBollène13 843
5%
23-CreuseBourganeuf2 910
5%
7-ArdècheBourg-Saint-Andéol7 187
5%
73-SavoieBourg-Saint-Maurice7 705
5%
86-VienneBuxerolles10 047
5%
31-Haute-GaronneCugnaux15 807
5%
3-AllierDomérat8 698
5%
91-EssonneDraveil28 491
5%
19-CorrèzeÉgletons4 481
5%
63-Puy-de-DômeGerzat10 393
5%
80-SommeHam4 991
5%
87-Haute-VienneIsle7 534
5%
83-VarLa Crau16 786
5%
17-Charente-MaritimeLagord7 230
5%
73-SavoieLa Motte-Servolex11 101
5%
9-AriègeLavelanet6 052
5%
7-ArdècheLa Voulte-sur-Rhône4 828
5%
42-LoireLe Chambon-Feugerolles12 851
5%
84-VaucluseLe Pontet16 731
5%
85-VendéeLes Herbiers15 229
5%
18-CherMehun-sur-Yèvre6 820
5%
60-OiseMéru13 269
5%
86-VienneMontmorillon6 387
5%
15-CantalMurat1 983
5%
47-Lot-et-GaronneNérac7 125
5%
67-Bas-RhinOstwald11 310
5%
87-Haute-ViennePanazol10 392
5%
31-Haute-GaronnePlaisance-du-Touch16 091
5%
29-FinistèrePlouzané11 717
5%
60-OisePont-Sainte-Maxence11 775
5%
49-Maine-et-LoirePonts-de-Cé11 696
5%
77-Seine-et-MarneRoissy-en-Brie22 321
5%
48-LozèreSaint-Chély-d'Apcher4 323
5%
91-EssonneSainte-Geneviève-des-Bois34 195
5%
1-AinSaint-Genis-Pouilly14 274
5%
70-Haute-SaôneSaint-Loup-sur-Semouse3 460
5%
16-CharenteSoyaux9 561
5%
9-AriègeTarascon-sur-Ariège3 013
5%
40-LandesTarnos11 906
5%
51-MarneTinqueux10 300
5%
47-Lot-et-GaronneTonneins8 965
5%
90-Territoire-de-BelfortValdoie5 165
5%
25-DoubsValentigney11 388
5%
30-GardVauvert11 023
5%
30-GardVilleneuve-lès-Avignon12 384
5%
54-Meurthe-et-MoselleVillers-lès-Nancy14 341
5%
68-Haut-RhinWittenheim14 194
5%
23-CreuseAhun1 590
4%
39-JuraArbois3 520
4%
15-CantalArpajon-sur-Cère6 053
4%
67-Bas-RhinBischwiller12 703
4%
76-Seine-MaritimeBois-Guillaume21 270
4%
26-DrômeBourg-de-Péage10 128
4%
77-Seine-et-MarneBussy-Saint-Georges23 341
4%
52-Haute-MarneChalindrey2 587
4%
53-MayenneChangé5 509
4%
72-SartheChangé6 164
4%
86-VienneChauvigny6 754
4%
90-Territoire-de-BelfortDanjoutin3 486
4%
80-SommeDoullens6 717
4%
23-CreuseFelletin1 867
4%
70-Haute-SaôneFougerolles3 792
4%
972-MartiniqueFrançois19 218
4%
47-Lot-et-GaronneFumel5 162
4%
88-VosgesGolbey8 230
4%
16-CharenteGond-Pontouvre5 937
4%
50-MancheLa Glacerie5 501
4%
47-Lot-et-GaronneLe Passage9 395
4%
36-IndreLe Poinçonnet5 829
4%
11-AudeLézignan-Corbières10 539
4%
32-GersL'Isle-Jourdain7 336
4%
28-Eure-et-LoirLucé15 926
4%
31-Haute-GaronneL'Union11 868
4%
19-CorrèzeMalemort-sur-Corrèze7 709
4%
30-GardMarguerittes8 634
4%
79-Deux-SèvresMauléon8 172
4%
9-AriègeMazères3 872
4%
34-HéraultMèze10 523
4%
37-Indre-et-LoireMontlouis-sur-Loire10 487
4%
971-GuadeloupeMoule22 381
4%
4-Alpes-de-Haute-ProvenceOraison5 920
4%
35-Ille-et-VilainePacé9 961
4%
973-GuyaneRemire-Montjoly19 279
4%
42-LoireRiorges10 714
4%
68-Haut-RhinRixheim12 996
4%
21-Côte-d’OrSaint-Apollinaire6 276
4%
40-LandesSaint-Paul-lès-Dax12 409
4%
81-TarnSaint-Sulpice8 091
4%
40-LandesSaint-Vincent-de-Tyrosse7 585
4%
17-Charente-MaritimeSaujon6 796
4%
972-MartiniqueShoelcher20 814
4%
88-VosgesThaon-les-Vosges7 989
4%
972-MartiniqueTrinité13 724
4%
58-NièvreVarennes-Vauzelles9 623
4%
28-Eure-et-LoirVernouillet11 751
4%
5-Hautes-AlpesVeynes3 231
4%
15-CantalVic-sur-Cère1 982
4%
77-Seine-et-MarneVilleparisis24 122
4%
91-EssonneViry-Châtillon32 045
4%
7-ArdècheViviers3 667
4%
87-Haute-VienneAixe-sur-Vienne5 472
3%
19-CorrèzeAllassac3 796
3%
87-Haute-VienneAmbazac5 542
3%
45-LoiretAmilly11 588
3%
27-EureAndelys8 205
3%
36-IndreArdentes3 774
3%
43-Haute-LoireAurec-sur-Loire5 614
3%
2A-Corse-du-SudBastelicaccia3 283
3%
3-AllierBellerive-sur-Allier8 844
3%
25-DoubsBethoncourt5 971
3%
43-Haute-LoireBrives-Charensac4 231
3%
36-IndreBuzançais4 494
3%
12-AveyronCapdenac-Gare4 457
3%
971-GuadeloupeCapesterre-Belle-Eau19 321
3%
81-TarnCarmaux10 116
3%
45-LoiretChâlette-sur-Loing13 050
3%
85-VendéeChantonnay8 248
3%
4-Alpes-de-Haute-ProvenceChâteau-Arnoux-Saint-Auban5 063
3%
79-Deux-SèvresChauray5 985
3%
5-Hautes-AlpesChorges3 077
3%
3-AllierCommentry6 100
3%
80-SommeCorbie6 388
3%
72-SartheCoulaines7 447
3%
24-DordogneCoulounieix-Chamiers8 356
3%
87-Haute-VienneCouzeix8 259
3%
57-MoselleCreutzwald13 483
3%
12-AveyronDecazeville6 012
3%
58-NièvreDecize5 777
3%
49-Maine-et-LoireDoué-la-Fontaine7 518
3%
972-MartiniqueDucos16 896
3%
28-Eure-et-LoirÉpernon5 367
3%
50-MancheÉqueurdreville-Hainneville17 339
3%
53-MayenneErnée5 791
3%
12-AveyronEspalion4 341
3%
90-Territoire-de-BelfortEssert3 169
3%
53-MayenneÉvron7 148
3%
87-Haute-VienneFeytiat5 981
3%
51-MarneFismes5 391
3%
37-Indre-et-LoireFondettes10 377
3%
58-NièvreFourchambault4 635
3%
57-MoselleFreyming-Merlebach13 229
3%
2-AisneGauchy5 216
3%
2B-Haute-CorseGhisonaccia3 823
3%
90-Territoire-de-BelfortGiromagny3 187
3%
23-CreuseGouzon1 511
3%
25-DoubsGrand-Charmont5 194
3%
2A-Corse-du-SudGrosseto-Prugna2 601
3%
86-VienneJaunay-Clan5 811
3%
68-Haut-RhinKingersheim12 779
3%
16-CharenteLa Couronne7 123
3%
61-OrneLa Ferté-Macé5 936
3%
73-SavoieLa Ravoire7 794
3%
55-MeuseLigny-en-Barrois4 307
3%
16-CharenteL'Isle-d'Espagnac5 284
3%
26-DrômeLivron-sur-Drôme8 972
3%
12-AveyronLuc-la-Primaube5 709
3%
89-YonneMigennes7 243
3%
88-VosgesMirecourt5 848
3%
9-AriègeMirepoix3 114
3%
61-OrneMortagne-au-Perche4 093
3%
19-CorrèzeObjat3 593
3%
17-Charente-MaritimePérigny7 284
3%
39-JuraPoligny4 226
3%
63-Puy-de-DômePont-du-Château10 612
3%
31-Haute-GaronneRamonville-Saint-Agne11 994
3%
15-CantalRiom-ès-Montagnes2 698
3%
42-LoireRoche-la-Molière10 359
3%
80-SommeRoye6 326
3%
53-MayenneSaint-Berthevin7 277
3%
46-LotSaint-Céré3 545
3%
23-CreuseSainte-Feyre2 302
3%
38-IsèreSaint-Égrève16 006
3%
971-GuadeloupeSainte-Rose20 155
3%
43-Haute-LoireSainte-Sigolène5 913
3%
66-Pyrénées-OrientalesSaint-Estève10 838
3%
18-CherSaint-Florent-sur-Cher6 608
3%
85-VendéeSaint-Hilaire-de-Riez10 488
3%
55-MeuseSaint-Mihiel4 620
3%
40-LandesSaint-Pierre-du-Mont8 924
3%
23-CreuseSaint-Vaury1 806
3%
41-Loir-et-CherSalbris5 704
3%
9-AriègeSaverdun4 815
3%
51-MarneSézanne5 264
3%
11-AudeSigean5 377
3%
46-LotSouillac3 817
3%
40-LandesSoustons7 294
3%
39-JuraTavaux4 123
3%
50-MancheTourlaville15 910
3%
11-AudeTrèbes5 308
3%
38-IsèreVillefontaine18 374
3%
41-Loir-et-CherVineuil7 119
3%
79-Deux-SèvresAiffres5 229
1%
2A-Corse-du-SudAlata2 953
1%
973-GuyaneApatou6 704
1%
72-SartheArnage5 118
1%
65-Hautes-PyrénéesAureilhan7 911
1%
65-Hautes-PyrénéesBarbazan-Debat3 470
1%
16-CharenteBarbezieux-Saint-Hilaire4 768
1%
90-Territoire-de-BelfortBavilliers4 923
1%
55-MeuseBelleville-sur-Meuse3 203
1%
46-LotBiars-sur-Cère1 906
1%
47-Lot-et-GaronneBoé5 421
1%
8-ArdennesBogny-sur-Meuse5 011
1%
47-Lot-et-GaronneBon-Encontre6 093
1%
65-Hautes-PyrénéesBordères-sur-l'Échez4 243
1%
52-Haute-MarneBourbonne-les-Bains2 230
1%
82-Tarn-et-GaronneCaussade6 623
1%
70-Haute-SaôneChampagney3 770
1%
16-CharenteChampniers5 168
1%
71-Saône-et-LoireCharnay-lès-Mâcon6 827
1%
11-AudeCoursan6 050
1%
74-Haute-SavoieCran-Gevrier17 227
1%
54-Meurthe-et-MoselleDombasle-sur-Meurthe10 028
1%
61-OrneDomfront3 830
1%
32-GersEauze4 092
1%
70-Haute-SaôneÉchenoz-la-Méline3 065
1%
66-Pyrénées-OrientalesElne7 898
1%
32-GersFleurance6 339
1%
27-EureGaillon7 271
1%
58-NièvreGarchizy3 828
1%
32-GersGimont2 815
1%
46-LotGramat3 537
1%
973-GuyaneGrand-Santi5 065
1%
90-Territoire-de-BelfortGrandvillars3 049
1%
58-NièvreImphy3 739
1%
65-Hautes-PyrénéesJuillan3 975
1%
41-Loir-et-CherLa Chaussée-Saint-Victor4 230
1%
79-Deux-SèvresLa Crèche5 449
1%
41-Loir-et-CherLamotte-Beuvron4 736
1%
48-LozèreLangogne3 014
1%
81-TarnLavaur10 148
1%
32-GersLectoure3 785
1%
87-Haute-VienneLe Palais-sur-Vienne5 986
1%
28-Eure-et-LoirLèves5 669
1%
2B-Haute-CorseLucciana4 416
1%
28-Eure-et-LoirMainvilliers10 324
1%
973-GuyaneMana8 952
1%
15-CantalMaurs2 182
1%
86-VienneMigné-Auxances6 053
1%
82-Tarn-et-GaronneMontech5 631
1%
39-JuraMontmorot3 061
1%
24-DordogneMontpon-Ménestérol5 465
1%
39-JuraMorez5 154
1%
971-GuadeloupeMorne-à-l'Eau16 725
1%
78-YvelinesMureaux30 859
1%
86-VienneNaintré5 830
1%
15-CantalNaucelles1 917
1%
8-ArdennesNouzonville5 635
1%
79-Deux-SèvresNueil-les-Aubiers5 444
1%
90-Territoire-de-BelfortOffemont3 395
1%
32-GersPavie2 399
1%
4-Alpes-de-Haute-ProvencePierrevert3 936
1%
70-Haute-SaônePort-sur-Saône2 990
1%
46-LotPradines3 490
1%
46-LotPrayssac2 469
1%
88-VosgesRambervillers5 595
1%
55-MeuseRevigny-sur-Ornain3 098
1%
68-Haut-RhinRiedisheim12 301
1%
16-CharenteRuelle-sur-Touvre7 370
1%
24-DordogneSaint-Astier5 469
1%
49-Maine-et-LoireSaint-Barthélemy-d'Anjou8 702
1%
47-Lot-et-GaronneSainte-Livrade-sur-Lot6 290
1%
4-Alpes-de-Haute-ProvenceSainte-Tulle3 475
1%
89-YonneSaint-Florentin4 771
1%
18-CherSaint-Germain-du-Puy4 830
1%
81-TarnSaint-Juéry6 797
1%
66-Pyrénées-OrientalesSaint-Laurent-de-la-Salanque8 674
1%
51-MarneSaint-Memmie5 319
1%
19-CorrèzeSaint-Pantaléon-de-Larche4 624
1%
26-DrômeSaint-Paul-Trois-Châteaux8 691
1%
7-ArdècheSaint-Péray7 538
1%
23-CreuseSaint-Sulpice-le-Guérétois2 008
1%
87-Haute-VienneSaint-Yrieix-la-Perche6 910
1%
16-CharenteSaint-Yrieix-sur-Charente7 025
1%
41-Loir-et-CherSelles-sur-Cher4 616
1%
25-DoubsSeloncourt5 922
1%
65-Hautes-PyrénéesSéméac4 679
1%
74-Haute-SavoieSeynod18 842
1%
55-MeuseStenay2 779
1%
5-Hautes-AlpesTallard2 295
1%
24-DordogneTerrasson-Lavilledieu6 225
1%
55-MeuseThierville-sur-Meuse3 071
1%
976-MayotteTsingoni10 454
1%
73-SavoieUgine7 058
1%
19-CorrèzeUssac3 859
1%
8-ArdennesVillers-Semeuse3 588
1%
95-Val-D’OiseVilliers-le-Bel26 736
1%
61-OrneVimoutiers3 807
1%
15-CantalYtrac3 902
1%
2A-Corse-du-SudAfa2 843
0%
18-CherAubigny-sur-Nère5 769
0%
81-TarnAussillon6 459
0%
976-MayotteBandraboua10 132
0%
43-Haute-LoireBas-en-Basset4 126
0%
90-Territoire-de-BelfortBeaucourt5 060
0%
82-Tarn-et-GaronneBeaumont-de-Lomagne3 852
0%
51-MarneBétheny6 445
0%
53-MayenneBonchamp-lès-Laval5 842
0%
66-Pyrénées-OrientalesCabestany9 074
0%
48-LozèreChanac1 399
0%
24-DordogneChancelade4 227
0%
48-LozèreChirac1 172
0%
976-MayotteChirongui8 047
0%
73-SavoieCognin5 913
0%
51-MarneCormontreuil6 082
0%
976-MayotteDembeni10 923
0%
18-CherDun-sur-Auron4 440
0%
55-MeuseÉtain3 808
0%
52-Haute-MarneEurville-Bienville2 029
0%
5-Hautes-AlpesGuillestre2 291
0%
82-Tarn-et-GaronneLabastide-Saint-Pierre3 680
0%
5-Hautes-AlpesLa Bâtie-Neuve2 579
0%
48-LozèreLa Canourgue2 120
0%
43-Haute-LoireLangeac3 978
0%
5-Hautes-AlpesLaragne-Montéglin3 579
0%
5-Hautes-AlpesL'Argentière-la-Bessée2 238
0%
9-AriègeLa Tour-du-Crieu3 232
0%
4-Alpes-de-Haute-ProvenceLes Mées3 766
0%
53-MayenneL'Huisserie4 088
0%
28-Eure-et-LoirLuisant6 834
0%
973-GuyaneMacouria Tonate9 640
0%
58-NièvreMarzy3 576
0%
89-YonneMonéteau3 820
0%
52-Haute-MarneMontier-en-Der2 088
0%
49-Maine-et-LoireMontreuil-Juigné7 107
0%
48-LozèreMontrodat1 134
0%
82-Tarn-et-GaronneNègrepelisse5 168
0%
976-MayotteOuangani9 834
0%
976-MayottePamandzi9 892
0%
72-SartheParigné-l'Évêque4 794
0%
89-YonneParon4 404
0%
10-AubePont-Sainte-Marie5 146
0%
2B-Haute-CorsePrunelli-di-Fiumorbo3 410
0%
46-LotPuy-l'Évêque2 106
0%
972-MartiniqueRivière-Pilote13 221
0%
10-AubeRosières-près-Troyes4 633
0%
39-JuraRousses3 108
0%
976-MayotteSada10 195
0%
73-SavoieSaint-Alban-Leysse5 710
0%
48-LozèreSaint-Alban-sur-Limagnole1 505
0%
61-OrneSaint-Germain-du-Corbéis3 816
0%
10-AubeSaint-Julien-les-Villas6 738
0%
43-Haute-LoireSaint-Just-Malmont4 126
0%
41-Loir-et-CherSaint-Laurent-Nouan4 222
0%
18-CherTrouy3 827
0%
54-Meurthe-et-MoselleVandœœuvre-lès-Nancy30 974
0%
9-AriègeVarilhes3 495
0%
82-Tarn-et-GaronneVerdun-sur-Garonne4 112
0%
27-EureVerneuil-sur-Avre6 205
0%
65-Hautes-PyrénéesVic-en-Bigorre5 280
0%
32-GersVic-Fezensac3 645
0%
2B-Haute-CorseVille-di-Pietrabugno3 446
0%
89-YonneVilleneuve-sur-Yonne5 295
0%
8-ArdennesVrigne-aux-Bois3 556
0%
52-Haute-MarneWassy2 980
0%

Distribution des résultats

Percentile par nombre de réponses

% des personnes avec chaque résultat

Votre développement - résultats

Vous n’avez pas pris ce quiz